Land reform and development in the Middle East : (Record no. 18281)
[ view plain ]
| 000 -LEADER | |
|---|---|
| fixed length control field | 01117nam a2200313 a 4500 |
| 001 - CONTROL NUMBER | |
| control field | 18281 |
| 003 - CONTROL NUMBER IDENTIFIER | |
| rucl marc code | BD-RjUL |
| 005 - DATE AND TIME OF LATEST TRANSACTION | |
| control field | 20211209000249.0 |
| 008 - FIXED-LENGTH DATA ELEMENTS--GENERAL INFORMATION | |
| fixed length control field | 140220s1962 enkab 001 0 eng d |
| 035 ## - SYSTEM CONTROL NUMBER | |
| System control number | (BD-RjUL)18339 |
| 040 ## - CATALOGING SOURCE | |
| Original cataloging agency | DLC |
| Transcribing agency | WSU |
| Modifying agency | OCL |
| -- | m.c |
| -- | BD-RjUL |
| Language of cataloging | eng |
| 041 ## - LANGUAGE CODE | |
| Language code of text/sound track or separate title | eng |
| 082 ## - DEWEY DECIMAL CLASSIFICATION NUMBER | |
| Classification number | 333.760 |
| Author mark and year | WAL 1962 |
| 100 1# - MAIN ENTRY--PERSONAL NAME | |
| Personal name | Warriner, Doreen, |
| Dates associated with a name | 1904- |
| 9 (RLIN) | 11550 |
| 245 10 - TITLE STATEMENT | |
| Title | Land reform and development in the Middle East : |
| Remainder of title | a study of Egypt, Syria, and Iraq / |
| Statement of responsibility, etc. | by Doreen Warriner. |
| 250 ## - EDITION STATEMENT | |
| Edition statement | 2nd ed. |
| 260 ## - PUBLICATION, DISTRIBUTION, ETC. (IMPRINT) | |
| Place of publication, distribution, etc. | London : |
| Name of publisher, distributor, etc. | Oxford University Press, |
| Date of publication, distribution, etc. | 1962 |
| 300 ## - PHYSICAL DESCRIPTION | |
| Pagination | xi, 238 p. : |
| Illustrations | ill. ; |
| Size | 23 cm. |
| 500 ## - GENERAL NOTE | |
| General note | Previous ed. published 1957. |
| General note | "Issued under the auspices of the Royal Institute of International Affairs." - t.p. |
| 504 ## - BIBLIOGRAPHY, ETC. NOTE | |
| Bibliography, etc | Includes bibliographical references and index. |
| 650 #0 - SUBJECT ADDED ENTRY--TOPICAL TERM | |
| Topical term or geographic name as entry element | Land reform |
| Geographic subdivision | Middle East. |
| 9 (RLIN) | 11552 |
| Topical term or geographic name as entry element | Land tenure |
| Geographic subdivision | Middle East. |
| 9 (RLIN) | 11551 |
| 651 #0 - SUBJECT ADDED ENTRY--GEOGRAPHIC NAME | |
| Geographic name | Middle East |
| General subdivision | Rural conditions. |
| 9 (RLIN) | 11553 |
| 710 2# - ADDED ENTRY--CORPORATE NAME | |
| Corporate name or jurisdiction name as entry element | Royal Institute of International Affairs. |
| 9 (RLIN) | 56280 |
| 942 ## - ADDED ENTRY ELEMENTS (KOHA) | |
| Source of classification or shelving scheme | Dewey Decimal Classification |
| Koha item type | Books |
| Lost status | Source of classification or shelving scheme | Damaged status | Not for loan | Collection code | Permanent Location | Current Location | Shelving location | Date acquired | Source of acquisition | Cost, normal purchase price | Total Checkouts | Full call number | Date last seen | Copy number | Koha item type |
|---|---|---|---|---|---|---|---|---|---|---|---|---|---|---|---|
| Dewey Decimal Classification | Fiction | Central Library, University of Rajshahi | Central Library, University of Rajshahi | 27/05/1964 | Thomas & Thomas | 18.90 | 333.760 WAL 1962 | 20/02/2014 | C-3 | Books | |||||
| Dewey Decimal Classification | Non-fiction | Central Library, University of Rajshahi | Central Library, University of Rajshahi | 11/07/1963 | Zeithlinger | 17.64 | 333.760 WAL 1962 | 26/06/2016 | C-4 | Books | |||||
| Dewey Decimal Classification | Non-fiction | Central Library, University of Rajshahi | Central Library, University of Rajshahi | 11/07/1963 | Zeithlinger | 17.64 | 333.760 WAL 1962 | 26/06/2016 | C-5 | Books | |||||
| Dewey Decimal Classification | Non-fiction | Central Library, University of Rajshahi | Central Library, University of Rajshahi | 11/07/1963 | Zeithlinger | 17.64 | 333.760 WAL 1962 | 26/06/2016 | C-6 | Books |